000 01013nam a22002537a 4500
008 081128t xxu||||| |||| 00| 0 eng d
010 _aENG-91908
020 _a9788178803609
_c750.00
035 _aEN-75441
037 _bDBAD / PUB
040 _adpl
_bEnglish
082 _a338.18
100 _aChaudhary, S.K.
245 _aNABARD and its significance in agriculture /
_cby S.K. Chaudhary
260 _aNew Delhi
_bRajat Publications
_c2008
270 _a4675/21, Ansari Road, Daryaganj,
_bNew Delhi
_e110002
300 _av, 312p.
_c22cm (Hb)
500 _aIncludes bibliographical references and index
610 _aNational Bank for Agriculture and Rural Development (NABARD)
650 _aAgriculture
_zIndia
_xFinance.
650 _aAgricultural credit
_zIndia
942 _2ddc
_cEN
_mCHA
_h338.18
999 _c19291
_d19291